000 00773nam a2200241 4500
999 _c22457
_d22457
001 2751973
003 BDDh-ASL
005 20231015030132.0
008 710830r19631925ii c 001 0 eng
010 _a 78910897
040 _aDLC
_cDLC
_dDLC
_dBDDh-ASL
043 _aa-ii---
050 0 0 _aDS446.3
_b.B3 1963
082 _a954
_bSUN
100 1 _aBanerjea, Surendranath,
_cSir,
_d1848-1925.
245 1 2 _aA nation in making :
_bbeing the reminiscences of fifty years of public life /
260 _aBombay :
_bOxford University Press,
_c[1963]
300 _axiv, 389 p. :
_bport.
_c22 cm.
500 _aFirst published in 1925.
651 0 _aIndia
_xPolitics and government
_y1765-1947.
906 _a7
_bcbc
_corignew
_d4
_encip
_f19
_gy-gencatlg
942 _2ddc
_cBK